00368 2200157 4500245004500000020001800045250001100063100002100074650001600095005001900111260003400130041001400164084000800178300001500186336000900201 aDaffa Loves InkacLeyla ImtichanahhText a979-3714-41-7 aCet. 2 aLeyla Imtichanah aNovel Fiksi a20230110070750 aJakartabBeranda Hikmahc2006 aIndonesia a813 a214 hlm. : atext